[Event "39th TCh-GRE"]
[Site "Eretria GRE"]
[Date "2011.07.04"]
[Round "3.7"]
[White "Kanellopoulos, Panayotis"]
[Black "Argiroudis, Stamatis"]
[Result "1/2-1/2"]
[WhiteElo "2260"]
[BlackElo "2308"]
[WhiteTeam "CC Patron"]
[BlackTeam "OS Triandria"]
[WhiteFideId "4205928"]
[BlackFideId "4202210"]
[EventDate "2011.07.03"]

1. c4 Nf6 2. Nc3 d5 3. cxd5 Nxd5 4. g3 g6 5. Bg2 Nb6 6. d3 Bg7 7. Be3 Nc6 8.
Bxc6+ bxc6 9. Qc1 h6 10. h4 Bg4 11. Ne4 Qd5 12. f3 Be6 13. Nh3 Bxh3 14. Rxh3 Qe6
15. Rh1 Nd5 16. Bd2 Rb8 17. Rb1 f5 18. Nc3 Nb4 19. Kf1 Nxa2 20. Nxa2 Qxa2 21.
Qxc6+ Kf7 22. Kf2 Bxb2 23. Be3 Bf6 24. Rxb8 Rxb8 25. Qxc7 Rb2 26. Re1 h5 27.
Qxa7 Qb3 28. Qa6 Rc2 29. Rc1 f4 30. Bxf4 Bd4+ 31. Ke1 Bc3+ 32. Kf2 Bd4+ 33. Ke1
Bc3+ 1/2-1/2

[Event "39th TCh-GRE"]
[Site "Eretria GRE"]
[Date "2011.07.04"]
[Round "3.7"]
[White "Ilandzis, Spyridon"]
[Black "Spyropoulos, Georgios"]
[Result "0-1"]
[WhiteElo "2135"]
[BlackElo "2169"]
[WhiteTeam "OS Triandria"]
[BlackTeam "CC Patron"]
[WhiteFideId "4200276"]
[BlackFideId "4211103"]
[EventDate "2011.07.03"]

1. d4 Nf6 2. c4 e5 3. dxe5 Ng4 4. Nf3 Bc5 5. e3 Nc6 6. Be2 Ncxe5 7. Nd4 Nf6 8.
Nc3 O-O 9. O-O d5 10. Nb3 Bd6 11. cxd5 Re8 12. e4 Ng6 13. Qc2 Qe7 14. Bb5 Bxh2+
15. Kxh2 Ng4+ 16. Kg1 Qh4 17. Re1 Qh2+ 18. Kf1 c6 19. dxc6 Nh4 20. cxb7 Qxg2+
21. Ke2 Rd8 22. Nd5 Bxb7 23. Bg5 Nf3 24. Bxd8 Qxf2+ 25. Kd3 Nxe1+ 26. Rxe1 Ne5+
27. Kc3 Qxe1+ 28. Nd2 Rxd8 29. Kb3 Bxd5+ 30. exd5 Qe3+ 31. Ka4 Qd4+ 32. b4 Qxd5
33. Nb3 h5 34. Qh2 Ng4 35. Qc7 Ne5 36. a3 h4 37. Qe7 Ng6 38. Qe3 Qd1 39. Bc4 Qg4
40. Na5 h3 41. Nc6 Qxc4 42. Nxd8 h2 43. Qf3 Ne5 44. Qh5 Qa6+ 45. Kb3 Qh6 0-1

[Event "39th TCh-GRE"]
[Site "Eretria GRE"]
[Date "2011.07.04"]
[Round "3.7"]
[White "Toumbeli, Zoi"]
[Black "Berzina, Ilze"]
[Result "0-1"]
[BlackTitle "WGM"]
[WhiteElo "1951"]
[BlackElo "2307"]
[WhiteTeam "CC Patron"]
[BlackTeam "OS Triandria"]
[WhiteFideId "4208803"]
[BlackFideId "11601345"]
[EventDate "2011.07.03"]

1. d4 d5 2. Nf3 c6 3. c3 Bf5 4. Bf4 e6 5. e3 Nf6 6. Be2 Be7 7. O-O Nbd7 8. Nbd2
Nh5 9. Bg3 Nxg3 10. hxg3 h5 11. Ne1 Nf6 12. Nd3 h4 13. gxh4 Rxh4 14. Nf3 Rh8 15.
Nfe5 Bd6 16. g3 Ne4 17. Bg4 Qg5 18. Kg2 f6 19. Bxf5 Qxf5 20. Nf3 Qh3+ 0-1

[Event "39th TCh-GRE"]
[Site "Eretria GRE"]
[Date "2011.07.04"]
[Round "3.7"]
[White "Konstantinidis, Konstantinos"]
[Black "Terzis, Filippos-Stamatis"]
[Result "1-0"]
[WhiteElo "1943"]
[BlackElo "1713"]
[WhiteTeam "OS Triandria"]
[BlackTeam "CC Patron"]
[WhiteFideId "4216199"]
[BlackFideId "4227670"]
[EventDate "2011.07.03"]

1. e4 c5 2. Nf3 Nc6 3. d4 cxd4 4. Nxd4 g6 5. c4 Bg7 6. Be3 Nf6 7. Nc3 d6 8. f3
O-O 9. Nc2 Bd7 10. Qd2 Rc8 11. Be2 Qc7 12. Nb5 Qb8 13. Rc1 a6 14. Nbd4 Ne8 15.
O-O Nc7 16. b4 Ne6 17. Nb3 Qc7 18. Rfd1 Rfd8 19. b5 Ne5 20. Nb4 Kf8 21. Nd5 Qb8
22. f4 Nxc4 23. Bxc4 axb5 24. Be2 Rxc1 25. Rxc1 Bc6 26. Na5 Qa8 27. Nb6 Qa6 28.
Nxc6 bxc6 29. Rxc6 Qb7 30. Bxb5 1-0

[Event "39th TCh-GRE"]
[Site "Eretria GRE"]
[Date "2011.07.04"]
[Round "3.8"]
[White "Prohaszka, Peter2"]
[Black "Nikolaidis, Konstantinos"]
[Result "1/2-1/2"]
[WhiteTitle "GM"]
[BlackTitle "FM"]
[WhiteElo "2547"]
[BlackElo "2274"]
[WhiteTeam "Panionios G.S.S. 2210"]
[BlackTeam "SK. AK. Chalkidos Palamidis The Evvoefs"]
[WhiteFideId "726265"]
[BlackFideId "4200578"]
[EventDate "2011.07.03"]

1. d4 Nf6 2. c4 g6 3. Nc3 Bg7 4. e4 d6 5. Be2 O-O 6. Nf3 e5 7. Be3 Nbd7 8. O-O
Re8 9. d5 Nh5 10. g3 Bf8 11. Qc2 Ng7 12. Nh4 Be7 13. Ng2 f5 14. Bh6 Nc5 15. f3
a5 16. Qd2 Bf6 17. Bd1 Re7 18. Bc2 Rf7 19. Rae1 Bd7 20. b3 Nh5 21. exf5 gxf5 22.
Be3 Kh8 23. f4 e4 24. Bd4 b6 25. Ne2 Qe7 26. Qc3 b5 27. a3 bxc4 28. bxc4 a4 29.
Bxf6+ Rxf6 30. Rb1 Rg8 31. Rb2 h6 32. Rfb1 Kh7 33. Rb8 Rff8 34. Rxf8 Qxf8 35.
Nd4 Qa8 36. Kf2 Nf6 37. Ne3 Ng4+ 38. Nxg4 Rxg4 39. Qe3 Rg8 40. Rb4 Qe8 41. Ne2
Qe7 42. Nc3 Qg7 43. Rb1 1/2-1/2

[Event "39th TCh-GRE"]
[Site "Eretria GRE"]
[Date "2011.07.04"]
[Round "3.8"]
[White "Kourousis, Epaminondas"]
[Black "Kofidis, Andreas"]
[Result "1-0"]
[BlackTitle "IM"]
[WhiteElo "2273"]
[BlackElo "2415"]
[WhiteTeam "SK. AK. Chalkidos Palamidis The Evvoefs"]
[BlackTeam "Panionios G.S.S. 2210"]
[WhiteFideId "4211626"]
[BlackFideId "4200217"]
[EventDate "2011.07.03"]

1. d4 d5 2. c4 c6 3. Nf3 Nf6 4. Nc3 e6 5. e3 Be7 6. Qc2 Nbd7 7. g4 g6 8. g5 Ne4
9. Nxe4 dxe4 10. Qxe4 Bxg5 11. Nxg5 Qxg5 12. h4 Qf5 13. Qxf5 exf5 14. f3 Nf6 15.
Kf2 O-O 16. b4 Bd7 17. Bb2 Nh5 18. d5 cxd5 19. cxd5 Rac8 20. Bd3 Bb5 21. Bxf5
Bd7 22. Bb1 f5 23. Rd1 Rc4 24. Rd4 Rfc8 25. Ke1 Kf7 26. Bd3 Rxd4 27. Bxd4 Nf6
28. d6 b6 29. Kd2 Ke6 30. e4 fxe4 31. fxe4 Ng4 32. Rf1 Be8 33. Rf8 Kxd6 34. Ba6
Rd8 35. Bb5 Ke7 36. Rxe8+ Rxe8 37. Bxe8 Kxe8 38. Kd3 Kd7 39. Kc4 Kc6 40. a4 Nh2
41. b5+ Kd6 42. a5 bxa5 43. Bxa7 Nf3 44. Bb8+ Kd7 45. Bg3 h5 46. Kd5 a4 47. Bd6
Kc8 48. e5 Nxh4 49. e6 Nf5 50. Bc5 h4 51. e7 Kd7 52. b6 Nxe7+ 53. Bxe7 h3 54.
Bd6 a3 55. b7 1-0

[Event "39th TCh-GRE"]
[Site "Eretria GRE"]
[Date "2011.07.04"]
[Round "3.8"]
[White "Kouroumba, Maria"]
[Black "Terzidaki, Alexandra"]
[Result "0-1"]
[WhiteElo "1454"]
[BlackElo "1938"]
[WhiteTeam "SK. AK. Chalkidos Palamidis The Evvoefs"]
[BlackTeam "Panionios G.S.S. 2210"]
[WhiteFideId "4263383"]
[BlackFideId "4227476"]
[EventDate "2011.07.03"]

1. e4 e6 2. d4 d5 3. exd5 exd5 4. Nf3 Bd6 5. Nc3 c6 6. Bd3 Nf6 7. O-O O-O 8. Bg5
Bg4 9. h3 Bh5 10. Re1 Nbd7 11. Be2 Re8 12. Nh4 Bg6 13. Bg4 Qb6 14. Nxg6 hxg6 15.
Rxe8+ Rxe8 16. Bxd7 Nxd7 17. Rb1 Nf6 18. a3 Bb8 19. Qd2 Qc7 20. g3 Qd7 21. h4
Qe6 22. Bf4 Bxf4 23. Qxf4 b6 24. Kf1 c5 25. dxc5 d4 26. Nb5 Qc6 27. Nxd4 Qh1# 0-1

[Event "39th TCh-GRE"]
[Site "Eretria GRE"]
[Date "2011.07.04"]
[Round "3.8"]
[White "Tsounis, Serafim"]
[Black "Poulidis, Stefanos"]
[Result "0-1"]
[WhiteElo "1806"]
[BlackElo "1914"]
[WhiteTeam "SK. AK. Chalkidos Palamidis The Evvoefs"]
[BlackTeam "Panionios G.S.S. 2210"]
[WhiteFideId "4238346"]
[BlackFideId "4234448"]
[EventDate "2011.07.03"]

1. d4 d5 2. c4 e6 3. Nc3 c6 4. e4 dxe4 5. Nxe4 Bb4+ 6. Nc3 Nf6 7. a3 Bxc3+ 8.
bxc3 c5 9. Nf3 Nc6 10. Be2 O-O 11. O-O Qc7 12. Qc2 h6 13. h3 b6 14. Be3 Na5 15.
Ne5 Ba6 16. Bf4 Qe7 17. Ra2 Rfd8 18. Qd2 Nd7 19. Ng4 Bxc4 20. Bxc4 Nxc4 21. Qe2
b5 22. a4 cxd4 23. axb5 Ndb6 24. cxd4 Rxd4 25. Be3 Nxe3 26. fxe3 Rd5 27. e4 Rd7
28. e5 Nd5 29. Qf3 Rc8 30. Rd2 Rdc7 31. Qg3 Qg5 32. Qf2 h5 33. Nh2 Qe3 34. Qxe3
Nxe3 0-1

[Event "39th TCh-GRE"]
[Site "Eretria GRE"]
[Date "2011.07.04"]
[Round "3.9"]
[White "Balogh, Csaba"]
[Black "Nikolaidis, Ioannis"]
[Result "1-0"]
[WhiteTitle "GM"]
[BlackTitle "GM"]
[WhiteElo "2643"]
[BlackElo "2545"]
[WhiteTeam "F.O. New Irakleion Attica 2173"]
[BlackTeam "AO Kydon Chania"]
[WhiteFideId "718939"]
[BlackFideId "4202139"]
[EventDate "2011.07.03"]

1. e4 e5 2. Nf3 Nc6 3. Bb5 Nge7 4. c3 a6 5. Ba4 g6 6. d4 exd4 7. cxd4 b5 8. Bc2
Bg7 9. d5 Na5 10. Bd2 Nc4 11. Bc3 Bxc3+ 12. bxc3 d6 13. Nbd2 Na5 14. Nf1 c6 15.
Ne3 O-O 16. Qd4 cxd5 17. exd5 Nc4 18. Nxc4 bxc4 19. O-O Bb7 20. Rfe1 Rc8 21.
Rab1 Bxd5 22. Ng5 h6 23. Nh3 Be6 24. Nf4 Bf5 25. Qf6 Rc7 26. Nh5 gxh5 27. Bxf5
Nxf5 28. Qxf5 Rc5 29. Qf4 Rg5 30. g3 Kg7 31. Qxc4 a5 32. Rb7 Qf6 33. Re3 Rf5 34.
Qe2 Rc8 35. c4 Qa1+ 36. Kg2 Qd4 37. Rb5 Rcc5 38. Rxc5 Rxc5 39. Re4 Re5 40. Rxe5
dxe5 41. Qxh5 a4 42. c5 Qxc5 43. Qg4+ Kh7 44. Qxa4 Qd5+ 45. Kg1 f5 46. Qb3 Qe4
47. Qf7+ Kh8 48. Qg6 h5 49. Qxh5+ Kg7 50. Qg5+ Kf7 51. Qe3 Qb1+ 52. Kg2 Qxa2 53.
Qxe5 Qa8+ 54. Kg1 Qf3 55. Qf4 Qd5 56. g4 1-0

[Event "39th TCh-GRE"]
[Site "Eretria GRE"]
[Date "2011.07.04"]
[Round "3.9"]
[White "Souleidis, Georgios"]
[Black "Managadze, Nikoloz"]
[Result "0-1"]
[WhiteTitle "IM"]
[BlackTitle "IM"]
[WhiteElo "2389"]
[BlackElo "2470"]
[WhiteTeam "AO Kydon Chania"]
[BlackTeam "F.O. New Irakleion Attica 2173"]
[WhiteFideId "4206827"]
[BlackFideId "13600575"]
[EventDate "2011.07.03"]

1. e4 c5 2. Nf3 e6 3. d4 cxd4 4. Nxd4 Nc6 5. Nc3 d6 6. g4 a6 7. Be3 Nge7 8. Nb3
b5 9. Qe2 Na5 10. O-O-O Nxb3+ 11. axb3 Nc6 12. f4 Qa5 13. Bg2 Nb4 14. Kb1 Be7
15. Qf2 Rb8 16. g5 Qd8 17. Bc5 a5 18. Bxd6 Bxd6 19. e5 O-O 20. Rxd6 Qc7 21. Qd4
Bb7 22. Rd7 Qc8 23. Bxb7 Rxb7 24. Rd6 Rb8 25. Rd1 Qb7 26. Ne4 Rbc8 27. c3 Nd5
28. Nc5 Qc7 29. Na6 Qb7 30. Nc5 Qc7 31. Na6 Qb7 32. b4 Rc4 33. Qd2 axb4 34. cxb4
Nxf4 35. Nc5 Qf3 36. Rd4 Rxd4 37. Qxd4 Nd5 38. h4 Nxb4 39. Rc1 Nc6 40. Qe4 Qxe4+
41. Nxe4 Nxe5 42. Rc5 Nf3 43. h5 f5 44. gxf6 gxf6 45. Rxb5 f5 46. Nc5 Ng5 47. h6
Rc8 48. b4 Kf7 49. Rb7+ Kg6 50. Rb6 Re8 51. b5 f4 52. Kc2 Kf5 53. Rc6 f3 54. Kd2
Kf4 55. b6 Kg3 56. b7 f2 57. Rc8 Rxc8 58. bxc8=Q f1=Q 59. Nd3 Qg2+ 60. Kc3 Qf3
61. Qc7+ Kg4 62. Qe5 Qc6+ 63. Kb3 Qf3 64. Kc4 Qe4+ 65. Qxe4+ Nxe4 66. Kd4 Kf5
67. Ne5 Nf6 68. Nf7 Ng4 69. Nd6+ Kf4 70. Ne4 Nxh6 71. Nf6 Nf5+ 72. Kd3 h6 0-1

[Event "39th TCh-GRE"]
[Site "Eretria GRE"]
[Date "2011.07.04"]
[Round "3.9"]
[White "Azis, Azizis Ektoras"]
[Black "Pavlidis, Anastasios"]
[Result "1/2-1/2"]
[BlackTitle "FM"]
[WhiteElo "2246"]
[BlackElo "2323"]
[WhiteTeam "F.O. New Irakleion Attica 2173"]
[BlackTeam "AO Kydon Chania"]
[WhiteFideId "4207637"]
[BlackFideId "4208404"]
[EventDate "2011.07.03"]

1. e4 c5 2. Nc3 Nc6 3. f4 g6 4. Nf3 Bg7 5. g3 d6 6. Bg2 Nf6 7. O-O O-O 8. d3 Rb8
9. h3 b5 10. Ne2 b4 11. g4 Nd7 12. Ng3 Qb6 13. Qe1 Qa6 14. a3 c4 15. dxc4 Qxc4
16. e5 dxe5 17. f5 Qxc2 18. Rf2 Qb3 19. Ne4 Nd4 20. Nxd4 exd4 21. Bg5 Bb7 22.
axb4 Bxe4 23. Qxe4 Rfe8 24. fxg6 hxg6 25. Raf1 Nf6 26. Qxd4 Nh7 27. Qe3 Qxb4 28.
Bh6 Bd4 29. Qf3 Qb3 30. Qxb3 Rxb3 31. Bd5 Rg3+ 32. Kh2 Bxf2 33. Bxf7+ Kxf7 34.
Rxf2+ Ke6 35. Kxg3 Nf6 36. Re2+ Kd5 37. Bg7 Ne4+ 38. Kf3 Ng5+ 39. Kg2 e5 40. Bh6
Ne6 41. Be3 a6 42. h4 Rh8 43. Kg3 Nd4 44. Rf2 Rb8 45. Kg2 Ke4 46. Bg5 Ne6 47.
Bc1 Rh8 48. Rf6 Nd4 49. Rxa6 Rc8 50. Bg5 Rc2+ 51. Kg3 Rxb2 52. Rxg6 Ne2+ 53. Kh3
Ng1+ 54. Kg3 Ne2+ 1/2-1/2

[Event "39th TCh-GRE"]
[Site "Eretria GRE"]
[Date "2011.07.04"]
[Round "3.9"]
[White "Lalaouni, Konstantina"]
[Black "Fragaki, Maria"]
[Result "0-1"]
[WhiteElo "1535"]
[BlackElo "1927"]
[WhiteTeam "F.O. New Irakleion Attica 2173"]
[BlackTeam "AO Kydon Chania"]
[WhiteFideId "4222113"]
[BlackFideId "4221087"]
[EventDate "2011.07.03"]

1. e4 c5 2. c3 Nf6 3. e5 Nd5 4. Bc4 Nb6 5. Bb3 e6 6. d4 cxd4 7. cxd4 d6 8. Nc3
dxe5 9. dxe5 Qxd1+ 10. Bxd1 Bd7 11. f4 Nc6 12. Nf3 Nb4 13. O-O Nd3 14. Ne4 Bc6
15. Nfd2 Nc4 16. Nxc4 Bxe4 17. Nd6+ Bxd6 18. exd6 Kd7 19. Bc2 Rac8 20. Bxd3 Bxd3
21. Rd1 Be4 22. Be3 Rc2 23. Rac1 Rhc8 24. Rxc2 Rxc2 25. Bxa7 Rxg2+ 26. Kf1 Rxh2
27. Rd4 Bd5 28. Bb8 h5 29. Bc7 h4 30. Ra4 h3 31. Ra8 Rh1+ 32. Kf2 Rd1 33. Rh8
Bg2 34. b4 b5 35. a4 Kc6 36. axb5+ Kxb5 37. Rb8+ Kc4 38. Rh8 Kxb4 39. Rb8+ Kc5
40. Rh8 Kc6 41. Kg3 Rd3+ 42. Kh2 Bf1 43. Bb8 f6 44. Rh7 g5 45. Rc7+ Kb6 46. Ba7+
Ka6 47. d7 Rd2+ 48. Kg1 h2+ 49. Kh1 Bd3 50. Rc6+ Kxa7 51. Rxe6 Ba6 52. d8=N g4
53. Rxf6 g3 54. Rf7+ Kb6 55. Rg7 Rd1+ 56. Kg2 h1=Q+ 57. Kxg3 Rg1+ 58. Kf2 Rxg7
59. f5 Qf1+ 60. Ke3 Qe2+ 0-1

[Event "39th TCh-GRE"]
[Site "Eretria GRE"]
[Date "2011.07.04"]
[Round "3.9"]
[White "Papadimitriou, Athanasios"]
[Black "Kazakos, Emmanouil"]
[Result "1/2-1/2"]
[WhiteElo "2184"]
[BlackElo "2105"]
[WhiteTeam "F.O. New Irakleion Attica 2173"]
[BlackTeam "AO Kydon Chania"]
[WhiteFideId "4213254"]
[BlackFideId "4216555"]
[EventDate "2011.07.03"]

1. Nf3 Nf6 2. g3 b6 3. Bg2 Bb7 4. c4 c5 5. O-O e6 6. Nc3 a6 7. b3 d6 8. d4 cxd4
9. Qxd4 Nbd7 10. Rd1 Qc7 11. Ba3 Nc5 12. Rac1 Rc8 13. b4 Ncd7 14. b5 Nc5 15.
bxa6 Bxa6 16. Nb5 Bxb5 17. cxb5 Be7 18. e4 O-O 19. e5 dxe5 20. Nxe5 Rfd8 21. Qe3
Rxd1+ 22. Rxd1 Rd8 23. Rxd8+ Qxd8 24. Nc6 Qd1+ 25. Bf1 Bf8 26. Bb2 Nd5 27. Qd4
Qb1 28. Kg2 Qxa2 29. Bc4 Qa4 30. Bxd5 Qxd4 31. Bxd4 exd5 32. Na7 f6 33. Nc8 Kf7
34. Nxb6 Ke6 35. Kf3 Nb3 36. Ke3 Bb4 37. Nc8 Kd7 38. Na7 Kd6 39. Nc6 Nxd4 40.
Nxd4 Kc5 41. Ne6+ Kxb5 42. Nxg7 Kc4 43. Ne6 d4+ 44. Nxd4 Bc5 45. Ke4 Bxd4 46. f4
Kc5 47. g4 Bc3 48. g5 fxg5 49. fxg5 Kd6 50. Kf5 Ke7 1/2-1/2

[Event "39th TCh-GRE"]
[Site "Eretria GRE"]
[Date "2011.07.04"]
[Round "3.9"]
[White "Ontabasidis, Aristidis"]
[Black "Tsakalidis, Efstratios"]
[Result "1-0"]
[WhiteElo "1513"]
[BlackElo "1567"]
[WhiteTeam "AO Kydon Chania"]
[BlackTeam "F.O. New Irakleion Attica 2173"]
[WhiteFideId "4248872"]
[BlackFideId "4243234"]
[EventDate "2011.07.03"]

1. e4 e5 2. Bc4 Nf6 3. d3 Nc6 4. Nf3 Bc5 5. O-O O-O 6. Bb3 d5 7. Qe2 dxe4 8.
dxe4 Bg4 9. c3 Qe7 10. Nbd2 Rad8 11. h3 Bh5 12. Re1 h6 13. Nf1 Nh7 14. Ng3 Bg6
15. Bc2 Nf6 16. Nh4 Bh7 17. Nhf5 Bxf5 18. Nxf5 Qe8 19. Qf3 Kh7 20. Nxh6 gxh6 21.
Qxf6 Qe6 22. Qf5+ Qg6 23. Kf1 Rg8 24. Qxg6+ Rxg6 25. f4 Rdg8 26. g4 h5 27. f5
R6g7 28. g5 Rxg5 29. Bxg5 Rxg5 30. Ke2 Rg2+ 31. Kd3 Rg3+ 32. Kc4 Bb6 33. b4 Rxh3
34. Rh1 Rxh1 35. Rxh1 Kh6 36. Bd1 Be3 37. Rxh5+ Kg7 38. Rh3 Bb6 39. a4 a5 40.
Rd3 axb4 41. cxb4 Bd4 42. b5 Na5+ 43. Kd5 b6 44. Rxd4 exd4 45. Kxd4 Kf6 46. Kd5
Ke7 47. e5 f6 48. exf6+ Kxf6 49. Bc2 Ke7 50. Be4 Kf6 51. Bd3 Kf7 52. Ke5 Nb7 53.
Bc4+ Ke7 54. f6+ Kf8 55. Kd5 Na5 56. Ba2 Kf7 57. Ke5+ Kf8 58. Ke6 c5 59. bxc6
Nxc6 60. Kd6 Nd4 61. Bc4 1-0

[Event "39th TCh-GRE"]
[Site "Eretria GRE"]
[Date "2011.07.04"]
[Round "3.10"]
[White "Nielsen, Peter Heine"]
[Black "Berzinsh, Roland"]
[Result "1-0"]
[WhiteTitle "GM"]
[BlackTitle "IM"]
[WhiteElo "2681"]
[BlackElo "2434"]
[WhiteTeam "AEK"]
[BlackTeam "Ilioupolis CC"]
[WhiteFideId "1400355"]
[BlackFideId "11600357"]
[EventDate "2011.07.03"]

1. d4 d5 2. c4 dxc4 3. e4 Nc6 4. Nf3 Bg4 5. d5 Ne5 6. Bf4 Ng6 7. Be3 e5 8. Bxc4
a6 9. Qb3 b5 10. Be2 Bd7 11. O-O Nf6 12. Nbd2 Bd6 13. Rfc1 O-O 14. Rc2 Qe7 15.
Rac1 h6 16. Bf1 Rfb8 17. Bc5 a5 18. h3 Nf4 19. Qe3 b4 20. Bxd6 cxd6 21. Nc4 Rb7
22. Nfd2 Be8 23. Nb6 Rab8 24. Nc8 Qd8 25. Na7 a4 26. Nc6 Bxc6 27. Rxc6 Ne8 28.
Nc4 Ra8 29. Nb6 Ra5 30. g3 Ng6 31. Rc8 Qe7 1-0

[Event "39th TCh-GRE"]
[Site "Eretria GRE"]
[Date "2011.07.04"]
[Round "3.10"]
[White "Ignatiadis, Konstantinos"]
[Black "Kalesis, Nikolaos"]
[Result "1/2-1/2"]
[BlackTitle "IM"]
[WhiteElo "2133"]
[BlackElo "2480"]
[WhiteTeam "Ilioupolis CC"]
[BlackTeam "AEK"]
[WhiteFideId "4203100"]
[BlackFideId "4200438"]
[EventDate "2011.07.03"]

1. d4 Nf6 2. c4 e6 3. Nc3 Bb4 4. Qc2 O-O 5. a3 Bxc3+ 6. Qxc3 d5 7. Nf3 dxc4 8.
Qxc4 b6 9. Bg5 Ba6 10. Qa4 Qd7 11. Qc2 c5 12. Bxf6 gxf6 13. dxc5 Qc6 14. e3 Bxf1
15. Kxf1 Nd7 16. Nd4 Qxc5 17. Rc1 Rfc8 18. Qxc5 bxc5 19. Nf3 Rab8 20. Rc2 Nb6
21. Ke2 Na4 22. Rb1 c4 23. Nd2 Kg7 24. Nxc4 Nb6 25. Rbc1 Nxc4 26. Rxc4 Rxb2+ 27.
Kf3 Rd8 28. Rg4+ Kh6 29. Ra4 Rdd2 30. Rf1 1/2-1/2

[Event "39th TCh-GRE"]
[Site "Eretria GRE"]
[Date "2011.07.04"]
[Round "3.10"]
[White "Moutousis, Konstantinos"]
[Black "Koutoukidis, Panagiotis"]
[Result "1-0"]
[WhiteTitle "IM"]
[WhiteElo "2431"]
[BlackElo "2046"]
[WhiteTeam "AEK"]
[BlackTeam "Ilioupolis CC"]
[WhiteFideId "4200071"]
[BlackFideId "4244702"]
[EventDate "2011.07.03"]

1. d4 d5 2. Nf3 Nf6 3. c4 c6 4. Nc3 a6 5. g3 Bf5 6. Bg2 e6 7. Qb3 Ra7 8. O-O Be7
9. Bf4 O-O 10. Rfd1 Nbd7 11. Rac1 Re8 12. a3 Bf8 13. Nd2 b5 14. cxd5 cxd5 15.
Na2 Nb8 16. Qc3 Bd6 17. Bxd6 Qxd6 18. Nb3 h6 19. Qb4 Qb6 20. Na5 Rc7 21. Rxc7
Qxc7 22. Rc1 Qb6 23. Nb3 Be4 24. Bf1 Bg6 25. Qa5 Nfd7 26. Rc7 Qxa5 27. Nxa5 Nb6
28. b3 Kf8 29. Rb7 N8d7 30. Nb4 Ra8 31. f3 Ke8 32. Rc7 Nb8 33. Kf2 Kd8 34. Rc1
Kd7 35. e3 Ra7 36. Nxa6 1-0

[Event "39th TCh-GRE"]
[Site "Eretria GRE"]
[Date "2011.07.04"]
[Round "3.10"]
[White "Ungure, Liga"]
[Black "Cmilyte, Viktorija"]
[Result "1/2-1/2"]
[WhiteTitle "WFM"]
[BlackTitle "GM"]
[WhiteElo "2101"]
[BlackElo "2528"]
[WhiteTeam "Ilioupolis CC"]
[BlackTeam "AEK"]
[WhiteFideId "11600330"]
[BlackFideId "12801259"]
[EventDate "2011.07.03"]

1. e4 d5 2. exd5 Qxd5 3. Nc3 Qd6 4. Nf3 Bg4 5. d4 Nf6 6. h3 Bh5 7. g4 Bg6 8. Ne5
c6 9. Bf4 Qd8 10. Bg2 e6 11. O-O Nbd7 12. Qe2 Be7 13. h4 Qb6 14. Nxd7 Nxd7 15.
h5 Qxd4 16. Be3 Qb4 17. hxg6 hxg6 18. Rfd1 Nf6 19. Bd4 O-O-O 20. a3 Qa5 21. Be5
Nxg4 22. Bxg7 Rh4 23. Rxd8+ Bxd8 24. Rd1 Bb6 25. Bd4 Qh5 26. Qf3 f5 27. Bxb6
axb6 28. b4 Qg5 29. b5 Nf6 30. Qg3 Qxg3 31. fxg3 Rc4 32. bxc6 bxc6 33. Ne2 Rxc2
34. Nd4 Rc3 35. Re1 Ng4 36. Nxc6 Rxa3 37. Ne7+ Kd7 38. Nxg6 Rxg3 39. Nf8+ Ke7
40. Nxe6 1/2-1/2

[Event "39th TCh-GRE"]
[Site "Eretria GRE"]
[Date "2011.07.04"]
[Round "3.10"]
[White "Pahaki, Hristina-Despoina"]
[Black "Anastasopoulou, Andrianna"]
[Result "1-0"]
[WhiteElo "1646"]
[BlackElo "1786"]
[WhiteTeam "AEK"]
[BlackTeam "Ilioupolis CC"]
[WhiteFideId "4238621"]
[BlackFideId "4212746"]
[EventDate "2011.07.03"]

1. e4 d5 2. exd5 Qxd5 3. Nc3 Qa5 4. d4 Nf6 5. Bc4 c6 6. Bd2 Bf5 7. Qe2 e6 8. d5
cxd5 9. Nxd5 Qd8 10. Nxf6+ gxf6 11. O-O-O Nc6 12. Bc3 Bh6+ 13. Kb1 Qe7 14. g4
Bg6 15. h4 Qc5 16. h5 Bxc2+ 17. Kxc2 Nb4+ 18. Kb1 Rc8 19. Bb3 e5 20. Qf3 Rc6 21.
Ne2 O-O 22. Qe4 Rb6 23. Rhg1 Rc8 24. Bxf7+ Kxf7 25. Qxh7+ Ke8 26. Qxh6 Qc4 27.
Qh8+ Ke7 28. Qg7+ Ke8 29. Qd7+ Kf8 30. Bxb4+ Rxb4 31. Qd2 Ra4 32. Nc3 Ra6 33. h6
b5 34. h7 Kg7 35. Qd7+ Kh8 36. Rh1 b4 37. Qd8+ Rxd8 38. Rxd8+ 1-0

[Event "39th TCh-GRE"]
[Site "Eretria GRE"]
[Date "2011.07.04"]
[Round "3.10"]
[White "Kosmas-Lekkas, Dimitiros"]
[Black "Festas, Aristotelis"]
[Result "1/2-1/2"]
[WhiteElo "2193"]
[BlackElo "1530"]
[WhiteTeam "AEK"]
[BlackTeam "Ilioupolis CC"]
[WhiteFideId "4211936"]
[BlackFideId "4232305"]
[EventDate "2011.07.03"]

1. d4 Nf6 2. c4 e6 3. Nc3 Bb4 4. Qc2 c5 5. dxc5 Bxc3+ 6. Qxc3 Ne4 7. Qc2 Qa5+ 8.
Bd2 Qxd2+ 9. Qxd2 Nxd2 10. Kxd2 Na6 11. f3 Nxc5 12. e3 a5 13. Ne2 d6 14. Nc3 Bd7
15. Be2 Bc6 16. Rhd1 Ke7 17. Kc2 Rhd8 18. Rd2 Rd7 19. Rad1 Na6 20. Bd3 Nb4+ 21.
Kb1 Nxd3 22. Rxd3 Rad8 23. b3 d5 24. cxd5 Bxd5 25. Kb2 Bc6 26. Rxd7+ Rxd7 27.
Rxd7+ Kxd7 28. Kc2 Kd6 29. a3 Kc5 1/2-1/2

[Event "39th TCh-GRE"]
[Site "Eretria GRE"]
[Date "2011.07.04"]
[Round "3.11"]
[White "Hammer, Jon Ludvig"]
[Black "Zubarev, Alexander1"]
[Result "1-0"]
[WhiteTitle "GM"]
[BlackTitle "GM"]
[WhiteElo "2610"]
[BlackElo "2597"]
[WhiteTeam "Culture Club Florinas"]
[BlackTeam "O.A.A. Heraklion"]
[WhiteFideId "1503707"]
[BlackFideId "14104385"]
[EventDate "2011.07.03"]

1. d4 Nf6 2. c4 e6 3. Nc3 Bb4 4. f3 d5 5. a3 Bxc3+ 6. bxc3 O-O 7. cxd5 exd5 8.
e3 Re8 9. Bd3 b6 10. Ne2 Qd7 11. O-O Ba6 12. Ng3 c5 13. Bxa6 Nxa6 14. Qd3 Qa4
15. Bb2 c4 16. Qe2 Re6 17. e4 g6 18. Qf2 Rae8 19. Bc1 Qc6 20. e5 Nd7 21. f4 f5
22. a4 R6e7 23. Ba3 Rf7 24. Bd6 Nf6 25. Qb2 Ne4 26. Nxe4 fxe4 27. Qb5 Qxb5 28.
axb5 Nc7 29. Bxc7 Rxc7 30. f5 Rf8 31. fxg6 hxg6 32. Rxf8+ Kxf8 33. Rf1+ Kg7 34.
Rf6 g5 35. Kf2 Rf7 36. Rxf7+ Kxf7 37. h3 Kg6 38. g3 Kh5 39. h4 Kg6 40. Ke2 1-0